| Tag |
First Indicator |
Second Indicator |
Subfields |
| LEADER |
00000nmm a22000001a 4500 |
| 001 |
in00004612621 |
| 006 |
m|||||o||m|||||||| |
| 007 |
cr|cn |||uuuuu |
| 008 |
221118s2011 xxu||||do|||| ||||||eng d |
| 005 |
20221207214154.7 |
| 035 |
|
|
|a (TxWaIVM)IV6983ArAr
|
| 040 |
|
|
|a TxWaIVM
|c TxWaIVM
|
| 245 |
0 |
0 |
|a Archie & Friends #159 /
|c powered by Library Pass.
|
| 260 |
3 |
|
|a [United States] :
|b Archie Comics,
|c 2011.
|
| 300 |
|
|
|a 1 online resource.
|
| 336 |
|
|
|a text
|b txt
|2 rdacontent
|
| 337 |
|
|
|a computer
|b c
|2 rdamedia
|
| 338 |
|
|
|a online resource
|b cr
|2 rdacarrier
|
| 520 |
|
|
|a "A.R.C.H.I.E. as The Man From R.I.V.E.R.D.A.L.E. in ""The Thought Control Caper!"" P.O.P. agents A.R.C.H.I.E., V.E.R.O.N.I.C.A. and R.E.G.G.I.E. take on the devious Controller of C.R.U.S.H. in this rousing spy adventure of intrigue and narrow escapes! Using mind control, The Controller lures our heroes into his clutches but will they have enough tricks up their sleeve to thwart the evildoer and bring him to justice?"
|
| 521 |
|
|
|a 2
|
| 538 |
|
|
|a Requires a valid library card and registration for new users.
|
| 538 |
|
|
|a Mode of access: World Wide Web.
|
| 538 |
|
|
|a System requirements: Flash 10.1 or higher, Windows XP and higher, Internet Explorer 7 and higher, Firefox 3.6 and higher, Google Chrome; Max OS 10.5 and higher, Safari 4 and higher.
|
| 650 |
|
0 |
|a Humor
|
| 655 |
|
7 |
|a Electronic books.
|2 local
|
| 655 |
|
7 |
|a Humor
|2 gsafd
|
| 700 |
1 |
|
|a Doyle , Frank.
|e writer.
|
| 700 |
1 |
|
|a Edwards, Joe.
|e writer.
|
| 700 |
1 |
|
|a White , Bob.
|e artist.
|
| 700 |
1 |
|
|a Contrera , Sal.
|e artist.
|
| 700 |
1 |
|
|a Various, .
|e artist.
|
| 710 |
2 |
|
|a Library Pass, LLC.
|
| 856 |
4 |
0 |
|u http://proxy.library.tamu.edu/login?url=https://tamu.librarypass.com/product/com.iversecomics.archie.comics.archie.friends.one.hundred.fifty.nine.11182011
|z Connect to this electronic book (First time users create your free account)
|t 0
|
| 955 |
|
|
|a Comics Plus.
|
| 999 |
f |
f |
|s 16afb80b-f9b9-403c-bf2c-3e4c977b52f0
|i c5502806-131c-46c7-bdd3-578a8f402bcf
|t 0
|
| 952 |
f |
f |
|a Texas A&M University
|b College Station
|c Electronic Resources
|d Available Online
|t 0
|h Library of Congress classification
|
| 998 |
f |
f |
|t 0
|l Available Online
|